[Event "Rome Elo op 4th"]
[Site "Rome"]
[Date "2009.05.13"]
[Round "2"]
[White "Pipitone, Filippo Massimo"]
[Black "Colantonio, Marco"]
[Result "0-1"]
[WhiteElo "1468"]
[BlackElo "1692"]
[PlyCount "44"]
[EventDate "2009.05.06"]
[EventType "swiss"]
[EventRounds "7"]
[EventCountry "ITA"]
[SourceTitle "EXT 2011"]
[Source "ChessBase"]
[SourceDate "2010.11.26"]
[SourceVersion "1"]
[SourceVersionDate "2010.11.26"]
[SourceQuality "1"]

1. e4 d6 2. d4 Nf6 3. Nc3 g6 4. f4 Bg4 5. Be2 Bxe2 6. Qxe2 Bg7 7. Nf3 0-0 8. 0-0 Nbd7 9. Be3 Ng4 10. Bd2 c5 11. d5 a6 12. a4 f5 13. Ng5 Qb6 14. Ne6 Bd4+ 15. Nxd4 cxd4 16. exf5 dxc3+ 17. Kh1 cxd2 18. Qxg4 Rxf5 19. b4 Qxb4 20. Rab1 Qxa4 21. Rxb7 Raf8 22. g3 Qe4+ 0-1

[Event "Rome Elo op 3rd"]
[Site "Rome"]
[Date "2009.03.18"]
[Round "2"]
[White "Colantonio, Marco"]
[Black "Vanzan, Alessandro"]
[Result "1/2-1/2"]
[WhiteElo "1695"]
[BlackElo "1788"]
[PlyCount "140"]
[EventDate "2009.03.11"]
[EventType "swiss"]
[EventRounds "6"]
[EventCountry "ITA"]
[SourceTitle "EXT 2011"]
[Source "ChessBase"]
[SourceDate "2010.11.26"]
[SourceVersion "1"]
[SourceVersionDate "2010.11.26"]
[SourceQuality "1"]

1. e4 c5 2. c3 d6 3. d4 Nf6 4. Bd3 Nc6 5. Ne2 g6 6. Bf4 Bg7 7. d5 Ne5 8. Bxe5 dxe5 9. Nd2 0-0 10. 0-0 a6 11. c4 Bd7 12. Nc3 Rb8 13. a4 Nh5 14. g3 Bh3 15. Re1 e6 16. Be2 Nf6 17. Nf3 Nd7 18. Qd2 exd5 19. Ng5 Bh6 20. f4 Be6 21. cxd5 Nb6 22. a5 Nc8 23. Rad1 Bd7 24. h4 Bg7 25. d6 Qxa5 26. Nd5 Qxd2 27. Rxd2 exf4 28. gxf4 Bd4+ 29. Kg2 Nxd6 30. e5 Nf5 31. Nf6+ Kg7 32. Nxd7 Nxh4+ 33. Kh3 h6 34. Nxb8 hxg5 35. Nd7 Rh8 36. fxg5 Nf3+ 37. Kg3 Nxd2 38. Rd1 Ne4+ 39. Kg2 Nxg5 40. b4 Ne6 41. bxc5 Bxc5 42. Bc4 Ba7 43. Nf6 Rc8 44. Bxe6 fxe6 45. Rd7+ Kh6 46. Rxb7 Bb8 47. Nd7 Rc2+ 48. Kf3 Bc7 49. Kf4 g5+ 50. Kg4 Rc4+ 51. Kg3 a5 52. Ra7 a4 53. Ra6 Rc3+ 54. Kg4 a3 55. Rxe6+ Kg7 56. Kxg5 Bd8+ 57. Kf5 Rf3+ 58. Ke4 Rf7 59. Nc5 Ra7 60. Nb3 a2 61. Rd6 Ba5 62. e6 Bc3 63. Rd7+ Rxd7 64. exd7 Bf6 65. Kd5 Kf7 66. Kd6 Bd8 67. Na1 Be7+ 68. Kd5 Bf6 69. Nc2 Ke7 70. Kc4 Kxd7 1/2-1/2